[Event "Bucharest-ch"]
[Site "Bucharest"]
[Date "2022.05.21"]
[Round "5"]
[White "Andronescu, Madalin"]
[Black "Cirlan, Ionut Gheorghe"]
[Result "0-1"]
[WhiteElo "2151"]
[BlackElo "1768"]
[PlyCount "50"]
[EventDate "2022.05.19"]
[EventType "swiss"]
[EventRounds "7"]
[EventCountry "ROU"]
[SourceTitle "EXT 2023"]
[Source "ChessBase"]
[SourceDate "2022.10.05"]
[SourceVersion "1"]
[SourceVersionDate "2022.10.05"]
[SourceQuality "1"]

1. e4 c5 2. Nf3 Nc6 3. d4 cxd4 4. Nxd4 Nf6 5. Nc3 e5 6. Ndb5 d6 7. Bg5 a6 8. Na3 b5 9. Bxf6 gxf6 10. Nd5 Bg7 11. c3 f5 12. Nxb5 axb5 13. Bxb5 Bd7 14. exf5 0-0 15. Qg4 Kh8 16. 0-0 Ne7 17. Bxd7 Nxd5 18. Bc6 Nf6 19. Qe2 Rb8 20. b4 Qb6 21. b5 d5 22. a4 Qa5 23. Qb2 Ne4 24. Ra3 Rfc8 25. Qb4 Qd8 0-1

[Event "Bucharest Gaudeamus Cup 3rd"]
[Site "Bucharest"]
[Date "2011.06.19"]
[Round "4"]
[White "Cirlan, Ionut Gheorghe"]
[Black "Barbu, George Emilian"]
[Result "1/2-1/2"]
[WhiteElo "2131"]
[BlackElo "1940"]
[PlyCount "122"]
[EventDate "2011.06.17"]
[EventType "swiss"]
[EventRounds "5"]
[EventCountry "ROU"]
[SourceTitle "CBM 143 Extra"]
[Source "ChessBase"]
[SourceDate "2011.08.29"]
[SourceVersion "1"]
[SourceVersionDate "2011.08.29"]
[SourceQuality "1"]

1. Nf3 Nf6 2. d4 g6 3. c4 Bg7 4. Nc3 0-0 5. e4 d6 6. Be2 e5 7. d5 Na6 8. h3 Nd7 9. 0-0 f5 10. Ng5 Nf6 11. f4 Nc5 12. fxe5 dxe5 13. exf5 Bxf5 14. Be3 Nfe4 15. Ncxe4 Nxe4 16. Nxe4 Bxe4 17. Bg4 Qe7 18. Qe2 c6 19. Rad1 cxd5 20. cxd5 Bf5 21. Bxf5 Rxf5 22. d6 Qe6 23. Rxf5 gxf5 24. Qb5 b6 25. d7 Bf6 26. Qa6 f4 27. Bf2 e4 28. Qa4 e3 29. Be1 f3 30. gxf3 Kf7 31. Qb3 Rg8+ 32. Kh1 Qxb3 33. axb3 Rd8 34. Bc3 Bxc3 35. bxc3 e2 36. Re1 Rxd7 37. Rxe2 Rd3 38. Kg2 Rxc3 39. b4 b5 40. Ra2 Rc7 41. Ra5 Rb7 42. Kg3 Ke6 43. Ra3 Kd5 44. Rc3 Kd4 45. Rc8 Re7 46. f4 Re3+ 47. Kg4 Rb3 48. Rc7 h5+ 49. Kxh5 Rxh3+ 50. Kg5 Rg3+ 51. Kf5 Rb3 52. Ke6 Rxb4 53. f5 Rb1 54. f6 Rf1 55. Rxa7 b4 56. Rb7 Kc3 57. Rc7+ Kd3 58. Rd7+ Kc2 59. Rc7+ Kd3 60. Rd7+ Kc3 61. Rc7+ Kd3 1/2-1/2

[Event "Bucharest Gaudeamus Cup 1st"]
[Site "Bucharest"]
[Date "2011.03.25"]
[Round "1"]
[White "Costache, Florin Remus"]
[Black "Cirlan, Ionut Gheorghe"]
[Result "0-1"]
[WhiteElo "1679"]
[BlackElo "2165"]
[PlyCount "62"]
[EventDate "2011.03.25"]
[EventType "swiss"]
[EventRounds "5"]
[EventCountry "ROU"]
[SourceTitle "CBM 141 Extra"]
[Source "ChessBase"]
[SourceDate "2011.05.03"]
[SourceVersion "1"]
[SourceVersionDate "2011.05.03"]
[SourceQuality "1"]

1. d4 Nf6 2. Nf3 g6 3. g3 Bg7 4. Bg2 0-0 5. 0-0 d6 6. c4 Nbd7 7. Nbd2 e5 8. Qc2 Re8 9. dxe5 dxe5 10. e4 Nc5 11. b3 Nfd7 12. Bb2 Ne6 13. Rfd1 c5 14. Rac1 Nd4 15. Nxd4 exd4 16. Ba1 Ne5 17. Nf3 Bg4 18. Qe2 Qf6 19. Rd3 Nxd3 20. Qxd3 Rad8 21. Re1 b6 22. Bb2 h6 23. Bc1 Bc8 24. h4 Re7 25. Bf4 Rde8 26. Nh2 g5 27. hxg5 hxg5 28. Bd2 Qg6 29. f4 g4 30. f5 Qh5 31. Qe2 Bxf5 0-1

[Event "Paris-ch op-A"]
[Site "Paris"]
[Date "2010.07.03"]
[Round "1"]
[White "Dizdarevic, Barbara"]
[Black "Cirlan, Ionut Gheorghe"]
[Result "1-0"]
[WhiteElo "1919"]
[BlackElo "2110"]
[PlyCount "161"]
[EventDate "2010.07.03"]
[EventType "swiss"]
[EventRounds "9"]
[EventCountry "FRA"]
[SourceTitle "CBM 137 Extra"]
[Source "ChessBase"]
[SourceDate "2010.09.01"]
[SourceVersion "1"]
[SourceVersionDate "2010.09.01"]
[SourceQuality "1"]

1. e4 c5 2. Nf3 Nc6 3. d4 cxd4 4. Nxd4 Nf6 5. Nc3 e5 6. Ndb5 d6 7. Bg5 a6 8. Na3 b5 9. Nd5 Be7 10. Bxf6 Bxf6 11. c3 Ne7 12. Nc2 Nxd5 13. exd5 0-0 14. a4 bxa4 15. Rxa4 Rb8 16. Nb4 e4 17. Bxa6 e3 18. 0-0 Bd7 19. Ra2 Qb6 20. Bd3 g6 21. fxe3 Qxe3+ 22. Kh1 Be5 23. Qc1 Qb6 24. Qe1 Qd8 25. Qf2 Qg5 26. Nc6 Qh5 27. Nxe5 Qxe5 28. Bc4 Bf5 29. Re1 Be4 30. Ra7 Rbe8 31. Kg1 Qg5 32. Rd1 Re5 33. Qd2 Qh5 34. Ra5 Rfe8 35. Rf1 Rg5 36. Rf2 Qh4 37. Bf1 Rge5 38. c4 Bf5 39. Qf4 Qd8 40. Ra1 Qb6 41. Qd2 Re3 42. Qa5 Qd4 43. Qa7 Qh4 44. Qc7 Qf6 45. Ra6 Re1 46. Qa7 Rb1 47. Ra1 Rxb2 48. Rxb2 Qxb2 49. Qa2 Qd4+ 50. Kh1 Rb8 51. Re1 Rb2 52. Qa8+ Kg7 53. Qe8 Qf2 54. Qe3 Qxe3 55. Rxe3 Rc2 56. Kg1 Kf6 57. h3 h5 58. Be2 Bc8 59. Kf1 Ba6 60. Re4 Bc8 61. Bd3 Rc3 62. Be2 Bf5 63. Re8 Bd7 64. Re4 Bf5 65. Re8 Kg5 66. Ke1 Kf4 67. Kf2 h4 68. Rf8 Rc2 69. Rxf7 Ke5 70. Re7+ Kd4 71. Kf3 g5 72. Re8 Rc3+ 73. Kf2 Be4 74. Re6 Rc2 75. Rxd6 Bxg2 76. Rg6 Bxh3 77. Rxg5 Bc8 78. d6 h3 79. Rd5+ Ke4 80. d7 Bxd7 81. Rxd7 1-0

[Event "Bucharest Romgaz op 2nd"]
[Site "Bucharest"]
[Date "2008.09.14"]
[Round "4"]
[White "Cirlan, Ionut Gheorghe"]
[Black "Neverov, Valeriy"]
[Result "0-1"]
[WhiteElo "2186"]
[BlackElo "2573"]
[PlyCount "80"]
[EventDate "2008.09.11"]
[EventType "swiss"]
[EventRounds "9"]
[EventCountry "ROU"]
[SourceTitle "CBM 126 Extra"]
[Source "ChessBase"]
[SourceDate "2008.11.05"]
[SourceVersion "1"]
[SourceVersionDate "2008.11.05"]
[SourceQuality "1"]

1. e4 c5 2. Nf3 d6 3. d4 cxd4 4. Nxd4 Nf6 5. Nc3 a6 6. Be2 e6 7. Be3 Qc7 8. 0-0 b5 9. a3 Bb7 10. Bd3 Nbd7 11. Nde2 Be7 12. Kh1 Nc5 13. Ng3 h5 14. f3 h4 15. Nge2 d5 16. exd5 h3 17. g3 Nxd3 18. cxd3 Nxd5 19. Nxd5 Bxd5 20. Rc1 Qb7 21. Nf4 Rd8 22. Nxd5 Rxd5 23. Qc2 0-0 24. d4 Bf6 25. Qe4 Rfd8 26. Rc5 Qd7 27. Rxd5 Qxd5 28. Rd1 Qb3 29. Rd2 Rc8 30. Kg1 Rc1+ 31. Kf2 Qc4 32. Qa8+ Kh7 33. Qe4+ g6 34. Qd3 Qxd3 35. Rxd3 Rh1 36. f4 Rxh2+ 37. Kf3 Rxb2 38. Kg4 h2 39. Rd1 Rb3 40. Bc1 Bxd4 0-1

[Event "Bucharest op"]
[Site "Bucharest"]
[Date "2007.09.??"]
[Round "?"]
[White "Cirlan, Ionut Gheorghe"]
[Black "Manolache, Marius"]
[Result "0-1"]
[WhiteElo "2191"]
[BlackElo "2528"]
[PlyCount "80"]
[EventDate "2007.09.??"]
[EventType "swiss"]
[EventRounds "9"]
[EventCountry "ROU"]
[SourceTitle "EXT 2010"]
[Source "ChessBase"]
[SourceDate "2010.11.25"]
[SourceVersion "1"]
[SourceVersionDate "2010.11.25"]
[SourceQuality "1"]

1. e4 g6 2. d4 Bg7 3. Nf3 d6 4. c4 Nf6 5. Nc3 0-0 6. h3 c6 7. Be2 a6 8. 0-0 b5 9. Qc2 Nbd7 10. e5 Ne8 11. Bf4 Nb6 12. b3 Bf5 13. Bd3 dxe5 14. Bxe5 Bxe5 15. Bxf5 Bg7 16. Be4 bxc4 17. bxc4 Nxc4 18. Bxc6 Rb8 19. Qd3 Ned6 20. Bd5 Rc8 21. Rac1 Qa5 22. Bxc4 Rxc4 23. Ne5 Bxe5 24. dxe5 Qxe5 25. Nd5 Rxc1 26. Rxc1 Nf5 27. f4 Qd6 28. g4 Ne3 29. Qxe3 Qxd5 30. Re1 e6 31. a3 Rb8 32. Qe5 Qd8 33. Rc1 Rb3 34. a4 Qb6+ 35. Qc5 Rg3+ 36. Kh2 Qb3 37. Qf2 Rxh3+ 38. Kg1 Rg3+ 39. Kh2 Rxg4 40. Rc8+ Kg7 0-1

[Event "Bucharest Spring Cup"]
[Site "Bucharest"]
[Date "2007.02.16"]
[Round "4"]
[White "Cirlan, Ionut Gheorghe"]
[Black "Carmaciu, Lucian Catalin"]
[Result "0-1"]
[WhiteElo "2165"]
[BlackElo "2418"]
[PlyCount "88"]
[EventDate "2007.02.16"]
[EventType "swiss"]
[EventRounds "9"]
[EventCountry "ROU"]
[SourceTitle "EXT 2010"]
[Source "ChessBase"]
[SourceDate "2010.11.25"]
[SourceVersion "1"]
[SourceVersionDate "2010.11.25"]
[SourceQuality "1"]

1. e4 c5 2. Nf3 d6 3. d4 cxd4 4. Nxd4 Nf6 5. Nc3 a6 6. Be3 e5 7. Nb3 Be6 8. f3 Nbd7 9. Qd2 Be7 10. 0-0-0 b5 11. g4 Nb6 12. Na5 Qc7 13. g5 Nfd7 14. Nd5 Bxd5 15. exd5 Rc8 16. Bxb6 Nxb6 17. h4 Nxd5 18. Bh3 0-0 19. Bxc8 Rxc8 20. Kb1 Nf4 21. Rhe1 Qb6 22. Re3 b4 23. Nb3 a5 24. Re4 Qc7 25. Nc1 d5 26. Ree1 d4 27. Nd3 Nd5 28. Rxe5 Ne3 29. Rxe3 dxe3 30. Qe2 Bd6 31. Ne1 Bc5 32. Ng2 Re8 33. Re1 Qc6 34. f4 a4 35. f5 a3 36. Nf4 Bd6 37. Nd3 Qe4 38. Rf1 Qxh4 39. g6 hxg6 40. fxg6 fxg6 41. Qf3 e2 42. Qf7+ Kh7 43. Re1 Re3 44. Nf2 Bg3 0-1